00810nam a2200217 a 45000010008000000030006000080050017000140080041000310100017000720200015000890400013001040500023001170820017001401000020001572450205001772600048003822600036004303000038004665040062005046500026005663476569GBCCL20241126110353.0930601s1993 orua b 001 0 eng  a 93160036  a0914936549 aDLCcDLC00aBV652.1b.D36 199300a253220bDAM1 aDamazio, Frank.10aEffective keys to successful leadership :bpractical wisdom for senior pastors appointed by God to lead the local church into its vision and destiny /cFrank Damazio ; with a foreword by Dick Iverson. aPortland, Or. :bBible Temple Pub.,cc1993. aHyderabad :bG S Books, c2016. axv, 207, [2] p. :bill. ;c22 cm. aIncludes bibliographical references (p. [209]) and index. 0aChristian leadership.